Kurzová konvergence a vstup do eurozóny

Legislatívne a inštitucionálne predpoklady pristúpenia kandidátskych krajín k Európskej únii a Európskej menovej únii. Základné etapy integrácie do eurozóny. Kurzové stratégie nezlúčiteľné s členstvom v EÚ. Plnenie kurzového konvergenčného kritéria.

Salvato in:
Dettagli Bibliografici
Autore principale: Čech, Zdeněk
Altri autori: Komárek, Luboš
Natura: Capitolo di libro
Lingua:ceco
Soggetti:
Tags: Aggiungi Tag
Nessun Tag, puoi essere il primo ad aggiungerne!!

MARC

LEADER 00000naa a2200000 4500
001 r045773
005 20231004102133.5
041 0 |a cze 
044 |a CZ 
245 1 0 |a Kurzová konvergence a vstup do eurozóny  |c Zdeněk Čech, Luboš Komárek 
520 |a Legislatívne a inštitucionálne predpoklady pristúpenia kandidátskych krajín k Európskej únii a Európskej menovej únii. Základné etapy integrácie do eurozóny. Kurzové stratégie nezlúčiteľné s členstvom v EÚ. Plnenie kurzového konvergenčného kritéria. 
610 2 0 |a kurz menový 
610 2 0 |a konvergencia 
610 2 0 |a politika menová 
610 2 0 |a integrácia ekonomická medzinárodná 
610 2 0 |a integrácia menová 
610 2 0 |a Európska únia 
610 2 0 |a Európska menová únia 
610 2 0 |a SVE 
610 2 0 |a Česko 
100 1 |a Čech, Zdeněk 
700 1 |a Komárek, Luboš